Statistics for Teams of footballer Jari Litmanen

Click here to take the quiz!

General Stats

  • This quiz has been taken 67 times
  • The average score is 9 of 14

Answer Stats

HintAnswer% Correct
2002-2004Ajax Amsterdam
95%
1992-1999Ajax Amsterdam
95%
1999-2001FC Barcelona
90%
1991HJK
86%
2011HJK
86%
2001-2002Liverpool
85%
2004FC Lahti
64%
2008-2010FC Lahti
64%
1989-2010Finland
61%
1987-1990Reipas Lahti
56%
2005-2007Malmö FF
53%
1992MyPa
37%
2008Fulham
34%
2005Hansa Rostock
31%

Score Distribution

Percentile by Number Answered

Percent of People with Each Score

Your Score History

You have not taken this quiz